<?xml version="1.0" encoding="UTF-8"?>
<collection xmlns="http://www.loc.gov/MARC21/slim">
 <record>
  <leader>     na                 </leader>
  <controlfield tag="001">INLIS000000000009299</controlfield>
  <controlfield tag="005">20221108021221</controlfield>
  <datafield tag="035" ind1=" " ind2=" ">
   <subfield code="a">0010-0520009299</subfield>
  </datafield>
  <controlfield tag="008">221108                g          0 ind  </controlfield>
  <datafield tag="020" ind1=" " ind2=" ">
   <subfield code="a">9794141321</subfield>
  </datafield>
  <datafield tag="041" ind1=" " ind2=" ">
   <subfield code="a">ind</subfield>
  </datafield>
  <datafield tag="082" ind1=" " ind2=" ">
   <subfield code="a">347.598 014</subfield>
  </datafield>
  <datafield tag="084" ind1=" " ind2=" ">
   <subfield code="a">347.598 014 BOY k</subfield>
  </datafield>
  <datafield tag="100" ind1="0" ind2=" ">
   <subfield code="a">Boy Nurdin</subfield>
  </datafield>
  <datafield tag="245" ind1="1" ind2=" ">
   <subfield code="a">Kedudukan dan Fungsi Hakim Dalam Penegakan Hukum di Indonesia /</subfield>
   <subfield code="c">Boy Nurdin</subfield>
  </datafield>
  <datafield tag="260" ind1=" " ind2=" ">
   <subfield code="a">Bandung :</subfield>
   <subfield code="b">Alumni,</subfield>
   <subfield code="c">2012</subfield>
  </datafield>
  <datafield tag="300" ind1=" " ind2=" ">
   <subfield code="a">xxiv, 292 hlm. ;</subfield>
   <subfield code="c">21 cm</subfield>
  </datafield>
  <datafield tag="520" ind1=" " ind2=" ">
   <subfield code="a">Penelitian ini merupakan disertasi dari penulis yang berjudul &quot;Kedudukan dan fungsi hakim dalam penegakan hukum di Indonesia&quot; yang telah disusun dan disunting untuk diterbitkan dalam bentuk buku. Dalam buku ini terkandung penelitian, pengkajian dan analisis yang mendalam tentang bagaimana pelaksanaan dari penegakan hukum yang dilakukan oleh para aparatur penegak hukum. Khususnya Hakim yang memegang peranan kunci sebagai sentral dan benteng terakhir dalam sebuah penegakan hukum; kemudian tentang bagaimana cara untuk menciptakan atau mengadakan hakim-hakim yang berkualitas (terutama berkualitas dari segi moral), dengan memberikan gambaran secara jelas tentang kinerja dan kualitas para hakim yang diposisikan sebagai prioritas utama dalam penelitian disertasi, juga kinerja dan kualitas para aparatur penegak hukum lainnya dalam tiap tahap proses peradilan yang ada, sebagai indikator dari baik dan buruknya sebuah penegakan hukum.</subfield>
  </datafield>
  <datafield tag="650" ind1=" " ind2="4">
   <subfield code="a">Hakim; Kekuasaan Kehakiman; Penegakan hukum;Judges-Indonesia</subfield>
  </datafield>
  <datafield tag="650" ind1=" " ind2="4">
   <subfield code="a">Courts-Indonesia; Judicial power-Indonesia</subfield>
  </datafield>
  <datafield tag="650" ind1=" " ind2="4">
   <subfield code="a">Law enforcement-Indonesia.</subfield>
  </datafield>
  <datafield tag="990" ind1=" " ind2=" ">
   <subfield code="a">23633/MKRI-P/I-2015</subfield>
  </datafield>
  <datafield tag="990" ind1=" " ind2=" ">
   <subfield code="a">23051/MKRI-P/I-2015</subfield>
  </datafield>
  <datafield tag="990" ind1=" " ind2=" ">
   <subfield code="a">23050/MKRI-P/XI-2014</subfield>
  </datafield>
  <datafield tag="990" ind1=" " ind2=" ">
   <subfield code="a">23632/MKRI-P/I-2015</subfield>
  </datafield>
  <datafield tag="990" ind1=" " ind2=" ">
   <subfield code="a">23052/MKRI-P/XI-2014</subfield>
  </datafield>
  <datafield tag="990" ind1=" " ind2=" ">
   <subfield code="a">23633/MKRI-P/I-2015</subfield>
  </datafield>
  <datafield tag="990" ind1=" " ind2=" ">
   <subfield code="a">23051/MKRI-P/I-2015</subfield>
  </datafield>
  <datafield tag="990" ind1=" " ind2=" ">
   <subfield code="a">23050/MKRI-P/XI-2014</subfield>
  </datafield>
  <datafield tag="990" ind1=" " ind2=" ">
   <subfield code="a">23632/MKRI-P/I-2015</subfield>
  </datafield>
  <datafield tag="990" ind1=" " ind2=" ">
   <subfield code="a">23052/MKRI-P/XI-2014</subfield>
  </datafield>
  <datafield tag="990" ind1=" " ind2=" ">
   <subfield code="a">23052/MKRI-P/XI-2014</subfield>
  </datafield>
  <datafield tag="990" ind1=" " ind2=" ">
   <subfield code="a">23633/MKRI-P/I-2015</subfield>
  </datafield>
  <datafield tag="990" ind1=" " ind2=" ">
   <subfield code="a">23051/MKRI-P/I-2015</subfield>
  </datafield>
  <datafield tag="990" ind1=" " ind2=" ">
   <subfield code="a">23050/MKRI-P/XI-2014</subfield>
  </datafield>
  <datafield tag="990" ind1=" " ind2=" ">
   <subfield code="a">23632/MKRI-P/I-2015</subfield>
  </datafield>
  <datafield tag="990" ind1=" " ind2=" ">
   <subfield code="a">23632/MKRI-P/I-2015</subfield>
  </datafield>
  <datafield tag="990" ind1=" " ind2=" ">
   <subfield code="a">23633/MKRI-P/I-2015</subfield>
  </datafield>
  <datafield tag="990" ind1=" " ind2=" ">
   <subfield code="a">23051/MKRI-P/I-2015</subfield>
  </datafield>
  <datafield tag="990" ind1=" " ind2=" ">
   <subfield code="a">23050/MKRI-P/XI-2014</subfield>
  </datafield>
  <datafield tag="990" ind1=" " ind2=" ">
   <subfield code="a">23052/MKRI-P/XI-2014</subfield>
  </datafield>
  <datafield tag="990" ind1=" " ind2=" ">
   <subfield code="a">23050/MKRI-P/XI-2014</subfield>
  </datafield>
  <datafield tag="990" ind1=" " ind2=" ">
   <subfield code="a">23633/MKRI-P/I-2015</subfield>
  </datafield>
  <datafield tag="990" ind1=" " ind2=" ">
   <subfield code="a">23051/MKRI-P/I-2015</subfield>
  </datafield>
  <datafield tag="990" ind1=" " ind2=" ">
   <subfield code="a">23632/MKRI-P/I-2015</subfield>
  </datafield>
  <datafield tag="990" ind1=" " ind2=" ">
   <subfield code="a">23052/MKRI-P/XI-2014</subfield>
  </datafield>
 </record>
</collection>
